书目信息 |
| 题名: |
石榴病虫草害诊治生态图谱
|
|
| 作者: | 冯玉增 , 张爱玲 , 魏岚 主编 | |
| 分册: | ||
| 出版信息: | 北京 中国林业出版社 2019.09 |
|
| 页数: | 215页 | |
| 开本: | 21cm | |
| 丛书名: | ||
| 单 册: | ||
| 中图分类: | S436.65-64 , S45-64 | |
| 科图分类: | ||
| 主题词: | 石榴--shi liu--病虫害防治--图谱 | |
| 电子资源: | ||
| ISBN: | 978-7-5219-0236-5 | |
| 000 | 01293nam0 2200289 450 | |
| 001 | 0106081836 | |
| 005 | 20201106082045.0 | |
| 010 | @a978-7-5219-0236-5@dCNY69.00 | |
| 100 | @a20200408d2019 em y0chiy50 ea | |
| 101 | 0 | @achi |
| 102 | @aCN@b110000 | |
| 105 | @aak az 000yy | |
| 106 | @ar | |
| 200 | 1 | @a石榴病虫草害诊治生态图谱@Ashi liu bing chong cao hai zhen zhi sheng tai tu pu@dAtlas of diagnosis and treatment for disease pest and weed disease of pomegranate@f冯玉增, 张爱玲, 魏岚主编@zeng |
| 210 | @a北京@c中国林业出版社@d2019.09 | |
| 215 | @a215页@c照片@d21cm | |
| 320 | @a有书目(第187页) | |
| 330 | @a本书全面、系统地介绍了石榴树的病、虫、草形态特征、危害特点、发生规律及无公害综合防治技术。全书介绍石榴病害、害虫、杂草以及天敌,含彩色生态照片近300幅。每种病、虫、草都配有多幅彩色生态图片,图文并茂,以图为主,信息量大,既突出了农业和生物防治,也介绍了无公害化学农药防治技术。 | |
| 510 | 1 | @aTlas of diagnosis and treatment for disease pest and weed disease of pomegranate@zeng |
| 606 | 0 | @a石榴@Ashi liu@x病虫害防治@j图谱 |
| 690 | @aS436.65-64@v5 | |
| 690 | @aS45-64@v5 | |
| 701 | 0 | @a冯玉增@Afeng yu zeng@4主编 |
| 701 | 0 | @a张爱玲@Azhang ai ling@4主编 |
| 701 | 0 | @a魏岚@Awei lan@4主编 |
| 801 | 0 | @aCN@bBJSZM@c20201106 |
| 905 | @b1192804-7@dS436.65-64@e190@f4 | |
| 石榴病虫草害诊治生态图谱=Atlas of diagnosis and treatment for disease pest and weed disease of pomegranate/冯玉增, 张爱玲, 魏岚主编.-北京:中国林业出版社,2019.09 |
| 215页:照片;21cm |
| ISBN 978-7-5219-0236-5:CNY69.00 |
| 本书全面、系统地介绍了石榴树的病、虫、草形态特征、危害特点、发生规律及无公害综合防治技术。全书介绍石榴病害、害虫、杂草以及天敌,含彩色生态照片近300幅。每种病、虫、草都配有多幅彩色生态图片,图文并茂,以图为主,信息量大,既突出了农业和生物防治,也介绍了无公害化学农药防治技术。 |
| ● |
| 相关链接 |
|
|
|
|
正题名:石榴病虫草害诊治生态图谱
索取号:S436.65-64/190
 
预约/预借
| 序号 | 登录号 | 条形码 | 馆藏地/架位号 | 状态 | 备注 |
| 1 | 1192804 | 211928048 | 第二样本阅览室/ [索取号:S436.65-64/190] | 在馆 | |
| 2 | 1192805 | 211928057 | 第三借阅区/ [索取号:S436.65-64/190] | 在馆 | |
| 3 | 1192806 | 211928066 | 第三借阅区/ [索取号:S436.65-64/190] | 在馆 | |
| 4 | 1192807 | 211928075 | 第三借阅区/ [索取号:S436.65-64/190] | 在馆 |